Juegos y pasatiempos para la enseñanza de la matemática elemental / (Record no. 90102)

MARC details
000 -CABECERA
campo de control de longitud fija 00820nam a2200241 a 4500
005 - FECHA Y HORA DE LA ÚLTIMA TRANSACCIÓN
campo de control 20230524063857.0
008 - ELEMENTOS DE LONGITUD FIJA--INFORMACIÓN GENERAL
campo de control de longitud fija 020604s19911997mx r 000 0 spa d
020 ## - NÚMERO INTERNACIONAL NORMALIZADO PARA LIBROS
Número Internacional Estándar del Libro 8477380600
035 ## - NÚMERO DE CONTROL DEL SISTEMA
Número de control de sistema UPN01000117635
049 ## - COLECCIÓN
Colección CG
050 #4 - SIGNATURA TOPOGRÁFICA DE LA BIBLIOTECA DEL CONGRESO
Número de clasificación QA95
Número de documento/Ítem F4.4
100 1# - ASIENTO PRINCIPAL--NOMBRE PERSONAL
Nombre de persona Fernández Sucasas, Josefa
245 10 - MENCIÓN DE TÍTULO
Título Juegos y pasatiempos para la enseñanza de la matemática elemental /
Mención de responsabilidad, etc. Josefa Fernández Sucasas, Ma. Inés Rodríguez Vela
260 ## - PUBLICACIÓN, DISTRIBUCIÓN, ETC.
Lugar de publicación, distribución, etc. Madrid :
Nombre del editor, distribuidor, etc. Síntesis,
Fecha de publicación, distribución, etc. [1991] (1997 impr.)
300 ## - DESCRIPCIÓN FÍSICA
Extensión 168 p. :
Otras características físicas il.
440 #0 - MENCIÓN DE SERIE/ASIENTO SECUNDARIO--TÍTULO
Título Matemáticas : cultura y aprendizaje;
Designación de volumen o secuencia 32.
650 #0 - ASIENTO SECUNDARIO DE MATERIA - TERMINO TEMATICO
Término de materia o nombre geográfico como elemento de entrada Recreaciones matemáticas
9 (RLIN) 6050
650 #4 - ASIENTO SECUNDARIO DE MATERIA - TERMINO TEMATICO
Término de materia o nombre geográfico como elemento de entrada Matemáticas
Subdivisión general Estudio y enseñanza (Elemental)
9 (RLIN) 2809
700 1# - ASIENTO SECUNDARIO--NOMBRE DE PERSONAL
Nombre de persona Rodríguez Vela, María Inés,
Término indicativo de función/relación coaut.
901 ## - ELEMENTOS DE DATOS A LOCAL LDA (RLIN)
a 193177/193178
902 ## - ELEMENTOS DE DATOS B LOCAL, LDB (RLIN)
Creó MITM/cps
905 ## - TIPO DE MATERIAL
Tipo de material Libro
Holdings
Estado de retiro Estado de pérdida Fuente del sistema de clasificación o colocación Estado dañado No para préstamo Código de colección Localización permanente Ubicación/localización actual Ubicación en estantería Total de préstamos Clasificación Código de barras Fecha visto por última vez Número de copia Tipo de ítem Koha Fecha de adquisición Fecha del último préstamo
    Library of Congress Classification     Colección General Bib. Gregorio Torres Quintero Bib. Gregorio Torres Quintero Planta baja 32 QA95 F4.4 193178 31/12/2020 1 Libro    
    Library of Congress Classification     Colección General Bib. Gregorio Torres Quintero Bib. Gregorio Torres Quintero Planta baja 32 QA95 F4.4 193177 31/12/2020 1 Libro    
    Library of Congress Classification     Colección General Bib. Gregorio Torres Quintero Bib. Gregorio Torres Quintero Planta baja 21 QA95 F4.4 211976 31/12/2020 1 Libro    
    Library of Congress Classification     Colección General Bib. Gregorio Torres Quintero Bib. Gregorio Torres Quintero Planta baja 33 QA95 F4.4 211975 25/08/2022 1 Libro 18/08/2022 18/08/2022